000 00804nam0a22002291 4500
001 rc\56283
005 20250620163131.0
035 _a(NLR Aleph) 005333450
090 _a6616402
_c6616402
100 _a20021216d1992 |||y0rusy50 ca
101 0 _arus
102 _aRU
105 _ay |||||||||
200 1 _aИз истории музыкальной жизни России (XIX-XX вв.)
_e[Сб. ст.]
_fМоск. гос. консерватория им. П.И. Чайковского
_g[Отв. ред. Е.К. Кулова]
210 _aМ.
_cМоск. гос. консерватория
_d1992
215 _a145 с.
_cнот.
_d21
320 _aБиблиогр. в конце ст.
801 0 _aRU
_bNLR
_gpsbo
801 1 _aRU
_bELAR
_2rusmarc
852 _aNLR
_j95-3/5774
942 _cBOOK
980 _aNB